000 00461nam a2200193Ia 4500
005 20240823043426.0
008 240823s9999||||xx |||||||||||||| ||und||
020 _a81-224-0852-4
041 _aENGLISH
082 _A004 N9
100 _aRam B
245 0 _aComputer Fundamentals
250 _a1st
260 _c1999
_b"New Age,New Delhi"
500 _aTRANSFERED
650 _aComputer Science
_bInformation Technology
942 _cBK
999 _c210204
_d210204